000 00434nam a22001457a 4500
020 _a978-93-89048-99-5
082 _a500
_bMAN/S
100 _aRENU KAPOOR, ANITA JAIN
245 _aTOGETHER WITH SOCIAL SCIENCE
_bCLASS IX
260 _aDELHI
_bRACHNA SAGAR
_c2018
300 _a384
520 _aSOLVED QUESTION BANK, MCQ, PRACTICE QUESTIONS, SUBJECT ENRICHMENT ACTIVITIES
650 _aSOCIAL SCIENCE FOR CLASS IX
_zINDIA
942 _cBK
999 _c1078
_d1078